Η συναισθηματική εμπειρία της μάθησης και της διδασκαλίας

Αποθηκεύτηκε σε:
Λεπτομέρειες βιβλιογραφικής εγγραφής
Κύριοι συγγραφείς: Salzberger-Wittenberg, Isca, Osborne, Elsie L. (Elsie Letitia) (Συγγραφέας)
Άλλοι συγγραφείς: Henry, Gianna, Τζελέπογλου, Ελένη (trlf)
Μορφή: Βιβλίο
Γλώσσα:Greek
English
Δημοσίευση: Αθήνα : Καστανιώτης, 2002.
Σειρά:Σύγχρονη βιβλιοθήκη για την ψυχανάλυση και ψυχαναλυτική ψυχοθεραπεία (Καστανιώτης)
Θέματα:
Ετικέτες: Προσθήκη ετικέτας
Δεν υπάρχουν, Καταχωρήστε ετικέτα πρώτοι!

MARC

LEADER 00000cam a2200000 i 4500
001 1/26043
008 060313s2002 gr | ||| |||| ||gre||
020 |a 9600314713 
035 |l 10083065 
040 |a GR-MY-UA  |b gre  |e aacr 
041 1 |a gre  |h eng 
082 7 |a 371.102   |2 (22) 
100 1 |a Salzberger-Wittenberg, Isca. 
245 1 2 |a Η συναισθηματική εμπειρία της μάθησης και της διδασκαλίας /   |c Ίσκα Σάλτζμπεργκερ-Ουίτενμπεργκ, Τζάνα Χένρι, Έλζι Όσμπορν ; μετάφραση: Ελένη Τζελέπογλου.  
260 |a Αθήνα :   |b Καστανιώτης,   |c 2002.  
300 |a 283 σ. ;   |c 21 εκ.  
490 1 |a (Σύγχρονη Βιβλιοθήκη για την ψυχανάλυση και ψυχαναλυτική ψυχοθεραπεία / Καστανιώτης)  
500 |a Τίτλος πρωτοτύπου: The emotional experience of learning and teaching 
650 0 0 |a Interaction analysis in education. 
650 0 0 |a Learning. 
650 0 0 |a Parent-teacher relationships. 
650 0 0 |a Teacher-student relationships. 
700 1 |a Henry, Gianna. 
700 1 |a Osborne, Elsie L.   |q (Elsie Letitia)  |e aut 
700 1 |a Τζελέπογλου, Ελένη,  |e trlf 
830 0 |a Σύγχρονη βιβλιοθήκη για την ψυχανάλυση και ψυχαναλυτική ψυχοθεραπεία (Καστανιώτης) 
852 |a INST  |b RHODES  |c EUDOXUS  |e 20230123  |h 371.102 SAL  |p 005400043339  |q 005400043339  |t EDX  |y 0 
852 |a INST  |b SAMOS  |e 20060313  |h 371.102 SAL  |p 005300024609  |q 005300024609  |t BK  |y 0 
901 |a BIBL3-2006-1 
909 |a Σ  |b 124828 
920 |a Εύδοξος  |b Παραγγελία  |y Ρόδος-ΤΕΠΑΕΣ  |z 2022-12 
922 |a 3ΕΛΗ  |b 200601  |c ΜΕΤΑΠΤΥΧΙΑΚΟ/ΜΑΘΗΜΑΤΙΚΟ  |d ΜΙΧΑΛΟΠΟΥΛΟΣ 
970 |a ΚΟΣΙΕΡΗΣ  |b ΧΡΗΣΤΟΣ  |z 2006/03/13